A mathematician comes of age

Αποθηκεύτηκε σε:
Λεπτομέρειες βιβλιογραφικής εγγραφής
Κύριος συγγραφέας: Krantz, Steven G. (Steven George) 1951-
Μορφή: Βιβλίο
Γλώσσα:English
Δημοσίευση: Washighton : Mathematician Association of America, c2012
Σειρά:Spectrum series
Θέματα:
Ετικέτες: Προσθήκη ετικέτας
Δεν υπάρχουν, Καταχωρήστε ετικέτα πρώτοι!

MARC

LEADER 00000nam a2200000 i 4500
001 1/25381
008 130204s2012 eng d
020 |a 978-0-88385-578-2 (hbk.) 
035 |l 10113633 
040 |a GR-MY-UA  |b gre  |e aacr 
041 0 |a eng 
082 0 |a 510  |2 (22) 
100 1 |a Krantz, Steven G.  |q (Steven George)  |d 1951- 
245 1 2 |a A mathematician comes of age /  |c Steven G. Krantz 
260 |a Washighton :   |b Mathematician Association of America,   |c c2012 
300 |a xvii, 137 σ.  |b 24 εκ. 
490 1 |a Spectrum series 
504 |a Βιβλιογραφία: σ.123-127 
504 |a Ευρετήριο: σ.129-135 
650 0 0 |a Mathematicians. 
830 0 |a Spectrum series 
852 |a INST  |b CHIOS  |e 20130204  |h 510 KRA  |p 005200035540  |q 005200035540  |t BK  |y 0 
901 |a BIBL2-2012-3 
909 |a Χ  |b 177547 
922 |a 2ΕΛΗ  |b 201210  |c ΤΑΚ/ΤΜΟΔ  |d ΙΩΑΝΝΙΔΟΥ 
970 |a ΣΠΕΝΤΖΑ  |b ΕΛΕΝΗ  |z 2012/04/19